000 00604nam a2200229 i 4500
001 C2-0003684
003 PPAK
005 20190630221809.0
008 970122s1982 io |||| ||||| | may d
040 _aPPAK
_beng
_cPPAK
_erda
082 0 4 _a297.211
_223
090 0 0 _a297.211
_bAMA
_dG
100 0 _aA. Manan, Imron,
_eauthor
245 1 0 _aPelbagai masalah Tauhid popular
264 1 _aSurabaya :
_bPT Bina Ilmu ,
_c1982
300 _a318 pages ;
_c21 cm
336 _2rdacontent
_atext
337 _2rdamedia
_aunmediated
338 _2rdacarrier
_avolume
500 _aJilid ke satu
942 _ddc
_cB
999 _c675
_d675